Python fácil

Salvato in:
Dettagli Bibliografici
Autore principale: Pérez Castaño, Arnaldo
Natura: Sconosciuto
Lingua:inglese
Pubblicazione: México, D.F., México Alfaomega- Marcombo 2016
Edizione:Primera edición
Soggetti:
Tags: Aggiungi Tag
Nessun Tag, puoi essere il primo ad aggiungerne!!

MARC

LEADER 00000 a2200000 4500
003 CL-VaPUC
005 20201217101545.0
008 201216b ||||| |||| 00| 0 eng d
999 |c 432323  |d 432321 
020 |a 9786076226612 
040 |c Pontificia Universidad Católica de Valparaíso 
082 |a 005.133 PER 2016 
100 |a Pérez Castaño, Arnaldo  |9 858587 
245 |a Python fácil 
250 |a Primera edición  
260 |a México, D.F., México   |b Alfaomega-  |b Marcombo  |c 2016 
300 |a 284 páginas  
583 |k Hugo Gaete  |c 20201216 
650 |a Lenguajes de programación   |9 259458 
650 |a Python   |9 737799 
852 |a BIBCUR 
942 |2 ddc  |c BK 
952 |0 0  |1 0  |2 ddc  |4 0  |6 005_133000000000000_PER_2016  |7 0  |8 A  |9 577157  |a BIBING  |b BIBING  |d 2020-12-15  |e 82  |g 16818.00  |i 5579821  |l 7  |m 2  |o 005.133 PER 2016  |p 5579821  |r 2025-01-20  |s 2024-08-06  |t 2  |v 16818.00  |w 2020-12-15  |y BK  |k CCI 
952 |0 0  |1 0  |2 ddc  |4 0  |6 005_133000000000000_PER_2016  |7 0  |8 A  |9 577158  |a BIBING  |b BIBING  |d 2020-12-15  |e 82  |g 16818.00  |i 5579813  |l 4  |m 1  |o 005.133 PER 2016  |p 5579813  |r 2025-03-18  |s 2025-03-11  |t 1  |v 16818.00  |w 2020-12-15  |y BK  |k CCI